000 03010cam a2200337 a 4500
003 EG-GiCUC
005 20250223032842.0
008 211103s2021 ua f m 000 0 jpn d
040 _aEG-GiCUC
_bara
_cEG-GiCUC
041 0 _ajpn
049 _aايداع
097 _aماجستير
099 _aCai01.02.15.M.A.2021.مى.ص
100 0 _aميرنا وفيق عبدالعزيز طموم
245 1 0 _aصورة الانتحار على طريقة الساموراى فى أدب ميشيما يوكيو :
_bدراسة نقدية مقارنة لقصتى "يوكوكو" حب الوطن و الجياد الهاربة = The image of Suicide in the Samurai way in Mishima Yukio{u2019}s literature , A comparative critical study of "Patriotism" and 2Runaway horses3 stories /
_cميرنا وفيق عبدالعزيز طموم ؛ إشراف عادل أمين صالح : كرم خليل سالم
246 1 5 _aThe image of Suicide in the Samurai way in Mishima Yukio{u2019}s literature :
_bA comparative critical study of "Patriotism" and 2Runaway horses3 stories
260 _aالقاهرة :
_bميرنا وفيق عبدالعزيز طموم :
_c2021
300 _a231ص ؛
_c25سم
502 _aاطروحة (ماجستير) - جامعة القاهرة - كلية الآداب - قسم اللغة اليابانية و آدابها
520 _aيهدف هذا البحث الى تسليط الضوء على صورة الإنتحار على طريقة الساموراى فى أدب ميشيما يوكيو: من خلال دراسة نقدية مقارنة لروايتى "حب الوطن" و ي"الجياد الهاربة". و يتناول البحث صورة الإنتحار على طريقة الساموراى من وجهة نظر أدبية: بالإضافة الى تأثر ميشيما بادبه و انعكاسه على حياته الشخصية. و طبقا لمشكلة البحث تم اختيار كلا من المنهج التكاملى و المنهج التحليلى الوصفى لهذه الدراسة. و قامت الباحثة بتقسيم البحث الى مقدمة و ثلاثة أبواب و خاتمة. و توصلت الدراسة الى أن الإنتحار على طريقة الساموراى يمثل للأديب الجمال و السعادة و الحرية و الولاء و الرجولة: و أن تأثر الكاتب بفكر بالساموراى انعكس على أدبه: كما انعكس أدبه على حياته الشخصية. بالإضافة الى أنه قام بتطبيق ما كتبه فى "الجياد الهاربة" فى حياته الحقيقية
530 _aصدر ايضا كقرص مدمج
653 4 _aبوشى
653 4 _aساموراى
653 4 _aميشيما يوكيو
700 0 _aعادل أمين صالح :
_eمشرف
700 0 _aكرم خليل سالم :
_eمشرف
856 _uhttp://172.23.153.220/th.pdf
905 _aNazla
_eRevisor
905 _aSamia
_eCataloger
942 _2ddc
_cTH
999 _c83000
_d83000